Infectiologie et hygiène (Record no. 51546)
[ view plain ]
| 000 -LEADER | |
|---|---|
| fixed length control field | 00528nam a22001697a 4500 |
| 008 - FIXED-LENGTH DATA ELEMENTS--GENERAL INFORMATION | |
| fixed length control field | 130624t xxu||||| |||| 00| 0 eng d |
| 020 ## - INTERNATIONAL STANDARD BOOK NUMBER | |
| International Standard Book Number | 978-2-298-4-71529-7 |
| 040 ## - CATALOGING SOURCE | |
| Original cataloging agency | BUAC |
| Transcribing agency | CDIRSP |
| 041 ## - LANGUAGE CODE | |
| Language code of text/sound track or separate title | Fr |
| 100 ## - MAIN ENTRY--PERSONAL NAME | |
| Personal name | CROUZILLES Carl |
| 9 (RLIN) | 24733 |
| 245 ## - TITLE STATEMENT | |
| Title | Infectiologie et hygiène |
| Remainder of title | : gestion des risques et soins infirmiers |
| Statement of responsibility, etc | / Carl Crouzilles |
| 300 ## - PHYSICAL DESCRIPTION | |
| Extent | 212 p. |
| 440 ## - SERIES STATEMENT/ADDED ENTRY--TITLE | |
| Title | ( Les essentiels en IFSI ) |
| 9 (RLIN) | 24734 |
| 500 ## - GENERAL NOTE | |
| General note | Compr. Index |
| 700 ## - ADDED ENTRY--PERSONAL NAME | |
| Personal name | SIEBERT Carole, NEURES LE Katy |
| Titles and other words associated with a name | Collect. |
| 9 (RLIN) | 24735 |
| 942 ## - ADDED ENTRY ELEMENTS (KOHA) | |
| Item type | Livre |
| Withdrawn status | Lost status | Damaged status | Not for loan | Location (home branch) | Sublocation or collection (holding branch) | Date acquired | Source of acquisition | Koha issues (times borrowed) | Piece designation (barcode) | Koha date last seen | Copy number | Price effective from | Koha item type | Public note |
|---|---|---|---|---|---|---|---|---|---|---|---|---|---|---|
| Centre de Documentation et d'Information de l'Institut Regional Santé Publique | Centre de Documentation et d'Information de l'Institut Regional Santé Publique | 24/06/2013 | Achat | 6024CDIRSP | 24/06/2013 | 1 | 24/06/2013 | Livre | Prêt | |||||
| Centre de Documentation et d'Information de l'Institut Regional Santé Publique | Centre de Documentation et d'Information de l'Institut Regional Santé Publique | 24/06/2013 | Achat | 6025CDIRSP | 24/06/2013 | 2è | 24/06/2013 | Livre | Exclu du prêt |